Normal view
MARC view
Entry Personal Name
001 - CONTROL NUMBER
- control field: 1217218
003 - CONTROL NUMBER IDENTIFIER
- control field: OSt
005 - DATE AND TIME OF LATEST TRANSACTION
- control field: 20260324143850.0
008 - FIXED-LENGTH DATA ELEMENTS
- fixed length control field: 260324|| aca||aabn | a|a d
040 ## - CATALOGING SOURCE
- Original cataloging agency: OSt
- Transcribing agency: OSt
100 ## - HEADING--PERSONAL NAME
- Personal name: Marjorie Gardner; Alan H. Schoenfeld; Andrea A. diSessa; Frederick Reif; James G. Greeno
670 ## - SOURCE DATA FOUND
- Source citation: Work cat.: (OSt)1823113: Marjorie Gardner; Alan H. Schoenfeld; Andrea A. diSessa; Frederick Reif; James G. Greeno, Toward a Scientific Practice of Science Education
